000 00529nam a2200169 a 4500
001 000031485
005 20200930062949.0
008 110627s19uu dr 000 0 spa d
040 _aDO-SdBNP
_bspa
_cBNPHU
082 _axxx
_bR427c
100 1 _aRequena, Andrés,
_d1922-
_927409
245 1 0 _aCementerio sin cruces /
_cAndrés Requena.
260 _a[Santo Domingo] :
_b[s.n.],
_c[s.f.].
300 _a272 p. ;
_c20 cm.
500 _aNovela del martirio de la República Dominicana bajo la tiranía de Trujillo.
049 _aBNPD
999 _c30977
_d30977